Les 7 éléments de Genshin Impact - Statistiques

Statistiques générales
  • Ce quiz a été pris 66 fois
  • Le résultat moyen est 7 sur 7
Statistiques - réponses
Éléments % Correct
Electro
100%
Pyro
100%
Anemo
98%
Hydro
96%
Cryo
95%
Dendro
95%
Geo
95%
Aucun quiz correspondant
Distribution des résultats
% des personnes avec chaque résultat
Percentile par nombre de réponses
Votre historique - résultats
Vous n’avez pas pris ce quiz